Animali con la "B" - Statistics

Statistiche generali
  • Questo quiz è stato fatto 283 volte
  • Il punteggio medio è 9 su 15
Statistiche sulle risposte
suggerimento risposta % Corretto
Questo animale è il più grande del mondo. Balenottera azzurra
95%
Questo animale è il mammifero più lento al mondo. Bradipo
94%
E' un tipo di serpente temuto soprattutto per le sue dimensioni. Boa
89%
Questo animale, successivamente, si trasformerà in una farfalla. Bruco
88%
E' una scimmia caratterizzata dal suo sedere rosso. Babbuino
84%
Animale simile ad un'ape.. Bombo
79%
Simile al bisonte, ma non uguale. Bue
74%
Elenca una razza canina. Bobtail/Barboncino/Bassotto/Beagle/Bovaro/Barbet/Bracco/Boxer
64%
Mammifero che appartiene alla stessa famiglia del toro (bovidi). Bisonte
58%
Tipo di serpente acquatico che, in genere, si trova nei pressi di raccolte d’acqua dolce. Biscia
57%
Uccello notturno che si ciba di topi, talpe, rane e insetti vari. Barbagianni
54%
Pesce noto anche come spigola. Branzino
45%
Pesce predatore carnivoro, che si ciba di crostacei, calamari e altri pesci. Barracuda
33%
Questo uccello è dotato di un becco molto lungo e si ciba soprattutto di insetti Beccaccia
17%
Elenca una razza felina. Burmese/Balinese/Blu di Russia/Bombay/Bobtail giapponese
8%
Nessun quiz corrispondente trovato
Distribuzione punteggi
Percentuale di utenti per punteggio
Percentile per numero di risposta
I tuoi punteggi nel tempo
Non hai fatto questo quiz